| 000 | 00569nam a22001817a 4500 | ||
|---|---|---|---|
| 003 | OSt | ||
| 005 | 20171020174436.0 | ||
| 008 | 131016b xxu||||| |||| 00| 0 eng d | ||
| 040 |
_aLDCLIB _cLDCLIB |
||
| 082 |
_222 _a341.026 _bDAS |
||
| 100 | _aDas, Pramod Kumar. | ||
| 245 |
_aUniversal’s International Law Documents / _c Pramod Kumar Das. |
||
| 260 |
_aDelhil : _bUniversal law publishing Co. Pvt Ltd, _c2003. |
||
| 300 |
_alii, 634 p. ; _c24 cm. |
||
| 650 | _aInternational law documents | ||
| 650 | _aUniversal’s International law documents | ||
| 942 |
_2ddc _cBK |
||
| 999 |
_c5778 _d5778 |
||